LEADER 02143nam 2200421 450 001 9910633961103321 005 20230324101019.0 010 $a1-80356-354-0 035 $a(CKB)5700000000338751 035 $a(NjHacI)995700000000338751 035 $a(EXLCZ)995700000000338751 100 $a20230324d2022 uy 0 101 0 $aeng 135 $aur||||||||||| 181 $ctxt$2rdacontent 182 $cc$2rdamedia 183 $acr$2rdacarrier 200 00$aAdvances in diptera $einsight, challenges and management tools /$fedited by Sarita Kumar 210 1$aLondon :$cIntechOpen,$d2022. 215 $a1 online resource (104 pages) 311 $a1-80356-353-2 327 $a1. Research Progress on Diapause in Flies (Diptera) -- 2. Innovative Methods of Mosquito Management -- 3. Advances in Mosquito Control: A Comprehensive Review -- 4. Harmful Diptera Pests in Garlic and Onion and Their Management -- 5. Walnut Husk Fly (Rhagoletis completa Cresson), the Main Burden in the Production of Common Walnut (Juglans regia L.). 330 $aThis volume, Advances in Diptera - Insight, Challenges and Management Tools, highlights the biology, life stages, physiology, and significance of dipteran flies. Their importance as agricultural pests and disease vectors, and their management using various conventional and advanced tools is examined. Each of the five chapters covers a significant aspect in the field of diptera, including the physiology of dipteran diapause, the biology and management of mosquitoes using various traditional and innovative approaches, and the bionomics of onion, garlic and walnut pests. We hope that this book will interest students and researchers, and help them to recognize potential research areas. 517 $aAdvances in Diptera 606 $aDiptera 606 $aFlies 606 $aInsect pests 615 0$aDiptera. 615 0$aFlies. 615 0$aInsect pests. 676 $a595.77 702 $aKumar$b Sarita 801 0$bNjHacI 801 1$bNjHacl 906 $aBOOK 912 $a9910633961103321 996 $aAdvances in diptera$93074685 997 $aUNINA